00878nam a2200181 a 4500001001000000003000900010005001700019007000300036008004100039040002500080100002800105245030800133246011800441260003300559300003400592504003200626700003800658000035980DO-SdBNP20220328112116.0ta111121s2003 dr ac 000 0 spa d aDO-SdBNPbspacBNPHU1 aLópez Belando, Adolfo13aEl arte en la penumbra :bpictografías y petroglifos en las cavernas del Parque Nacional del Este, República Dominicana = Art in th shadows : pictographs and petroglyphs in the caves of the National Park of the East Dominican Republic /cAdolfo López Belando ; [traducción Donna Hics de Pérez.13aArt in th shadows :bpictographs and petroglyphs in the caves of the National Park of the East Dominican Republic aSanto Domingo :bBHD,c2003. a359 p. :bil., map. ;c30 cm. aBibliografía : p. 352-3591 aHics de Pérez, Donna Hics,etr.